| 000 | 00842cab a2200253 4500 | ||
|---|---|---|---|
| 001 | WB3330-42 | ||
| 008 | 090401t1997 xxu||||| |||| 00| 0 eng d | ||
| 035 | _a(Sirsi) u80061 | ||
| 041 | _aeng | ||
| 245 | _aOne stop property shops | ||
| 260 | _c1997 | ||
| 350 | _a0 | ||
| 490 |
_aTimes _v1 August 1997, 9 |
||
| 490 |
_aGuardian _v1 August 1997, 9(1) |
||
| 490 |
_aSunday Times _v3 August 1997, 4.1 |
||
| 520 | _aThe Law Society has endorsed the setting up of Solicitors Property Centres offering consumers all the services needed to buy and sell property including estate agents, solicitors and financial advisors. | ||
| 650 | _aCONVEYANCING | ||
| 650 | _aLAW SOCIETY | ||
| 650 | _aONE-STOP PROPERTY SHOPS | ||
| 650 | _aSOLICITORS PROPERTY CENTRES | ||
| 690 | _aPROPERTY LAW AND PRACTICE | ||
| 942 | _n0 | ||
| 948 | _c01/08/1997 | ||
| 999 |
_c50398 _d50398 |
||